All Lord of the Rings and The Hobbit Characters-O - Statistics

General Stats
  • This quiz has been taken 16 times
  • The average score is 4 of 7
Answer Stats
Times Mentioned Answer % Correct
22 Oin
60%
9 Old Took
60%
14 Ori
60%
1 Orophin
60%
4 Otho Sackville-baggins
60%
2 Odo Proudfeet
40%
7 Old Man Willow
20%
No matching quizzes found
Score Distribution
Percent of People with Each Score
Percentile by Number Answered
Your Score History
You have not taken this quiz